| 000 | 00485nam a2200157 a 4500 | ||
|---|---|---|---|
| 008 | 120416s1983 xx |||||||||||||| || u | ||
| 050 | _aHD 111 Lea | ||
| 100 | _aLean, William | ||
| 245 | 1 | 0 | _aAspects of land economics |
| 260 | _c1983 | ||
| 300 | _aix, 414p. : ill | ||
| 350 | _a0.00 | ||
| 650 | _aLAND | ||
| 650 | _aLAND ECONOMICS | ||
| 995 |
_D0.00 _FCBU-MAIN LIBRARY (Kitwe) _H1 _I0.00 _M1 _UDAMAGED _ZMain Library Open Access Collection |
||
| 999 |
_c34916 _d34916 |
||